000 00580nam a2200193Ia 4500
003 GCL
008 140319s9999 xx 000 0 ara d
040 _aGCL /
_cGCL
082 0 4 _a345.04
_bر ج
100 1 _aرؤوف عبيد
245 1 0 _aجرائم الاعتداء على الاشخاص والاموال /
_cرؤوف عبيد
260 _a[S.N] :
_bدار الفكر العربى ،
_c1985
300 _a711 ص
490 _a
650 0 4 _aالقانون الجنائى
650 0 4 _aالقانون
650 0 4 _aالجريمة والمجرمون
942 _2ddc
_cBK
999 _c28001
_d28001